000 00886nam a2200253Ia 4500
001 10673
003 GE_BSU
008 181216s||||||||xx |||||||||||||| ||und||
020 _a9992844817
040 _cGE_BSU
080 _a821.353.1-32
100 _aფაღავა,ირაკლი
245 _aმოხუცი და მტრედი.
245 _bლექსები და მოთხრობები.
245 _cრედ.ჯემალ ხოფერია;მხატვ.ნ.კვირკველია;გ.ფუტკარაძე;მ.კვაჭანტირაძე.
260 _aბათუმი.
260 _bს.ს. გამ-ბა აჭარა.
260 _c2000.
300 _a24გვ;17სმ.
300 _eილ.
541 _h50თ.
653 _aმოხუცი და მტრედი.
942 _cBK
999 _c43924
_d43924